[Event "Pardubice op"]
[Site "Pardubice"]
[Date "1995.??.??"]
[Round "?"]
[White "Keitlinghaus, Ludger"]
[Black "Gavrilov, Alexei"]
[Result "1/2-1/2"]
[WhiteElo "2500"]
[BlackElo "2405"]

1.e4 g6 2.d4 Bg7 3.Nc3 d6 4.Nf3 Nf6 5.Be2 O-O 6.O-O Bg4 7.h3 Bxf3 8.Bxf3 Nc6
9.Ne2 e5 10.c3 Re8 11.d5 Ne7 12.c4 Nd7 13.Nc3 Kh8 14.g3 Ng8 15.h4 Bh6 16.Bxh6 Nxh6
17.Qd2 Kg7 18.Bg2 a5 19.Bh3 Nc5 20.Rae1 f5 21.f4 exf4 22.exf5 Rxe1 23.Rxe1 Qf6
24.Ne4 Nxe4 25.Rxe4 Nxf5 26.Bxf5 Qxf5 27.Qd4+ Kg8 28.Rxf4 Qh3 29.Qe3 Rf8
30.Rxf8+ Kxf8 31.Qg5 Kf7 32.b3 Qf5 33.Qd8 Qb1+ 34.Kh2 Qxa2+ 35.Kh3 Qxb3 36.Qxc7+ Kg8
37.Qd8+ Kf7 38.Qd7+ Kg8 39.Qxd6 Qxc4 40.Qb8+ Kg7 41.Qxb7+ Kf6 42.Qb2+ Kf5
43.Qb1+  1/2-1/2

[Event "Passau op"]
[Site "Passau"]
[Date "1995.??.??"]
[Round "?"]
[White "Hresc, Vladimir"]
[Black "Feustel, Bernd"]
[Result "0-1"]
[WhiteElo "2425"]
[BlackElo "2300"]

1.e4 g6 2.d4 Bg7 3.Nc3 d6 4.f4 Nd7 5.Nf3 c5 6.Be3 b6 7.Bc4 Nh6 8.Qd2 O-O
9.h3 Nf6 10.f5 Nxe4 11.Nxe4 Nxf5 12.Nc3 Bb7 13.d5 e6 14.O-O-O b5 15.Nxb5 exd5
16.Bg5 Qb6 17.Be2 Ng3 18.Nc3 Bc6 19.Rhe1 Ne4 20.Qd3 Bxc3 21.b3 c4 22.Qe3 Qa5
23.Kb1 d4 24.Nxd4 Bxd4 25.Qxd4 Nc3+ 26.Kb2 Nxd1+ 27.Rxd1 Qxg5 28.Qxd6 c3+
29.Kxc3 Rfd8  0-1

[Event "Passau op"]
[Site "Passau"]
[Date "1995.??.??"]
[Round "?"]
[White "Kovalev, Andrei"]
[Black "Knopp, Ingmar"]
[Result "1-0"]
[WhiteElo "2545"]
[BlackElo "2145"]

1.e4 d6 2.d4 g6 3.Nc3 Bg7 4.Be3 Nd7 5.Nf3 e6 6.Qd2 a6 7.Bg5 Ne7 8.Bh6 Bxh6
9.Qxh6 Ng8 10.Qf4 Qf6 11.Qg3 Qg7 12.h4 Ngf6 13.e5 Nh5 14.Qg5 f6 15.exf6 Qxf6
16.Ne4 Qxg5 17.Nfxg5 Ndf6 18.Nxf6+ Nxf6 19.Bc4 b5 20.Bxe6 Bxe6 21.Nxe6 Kd7
22.Ng5 Rae8+ 23.Kf1 h6 24.Nf3 Rhf8 25.Re1 Ne4 26.Re2 g5 27.hxg5 hxg5 28.Rh7+ Kc8
29.Rg7 d5 30.Kg1 Rg8 31.Rxg8 Rxg8 32.g4 Rf8 33.Ne5 Rf4 34.f3 Nd6 35.c3 b4
36.Kg2 bxc3 37.bxc3 Nb5 38.Re3 c5 39.Nd3 cxd4 40.Nxf4 dxe3 41.Nxd5 Kd7 42.c4 Nd6
43.Nxe3 Kc6 44.Kg3 Kc5 45.f4 Kd4 46.Nf5+  1-0

[Event "PER-ch43"]
[Site "PER"]
[Date "1995.??.??"]
[Round "1"]
[White "Munoz Pantoja, Miguel"]
[Black "Belli, Mario"]
[Result "1/2-1/2"]
[WhiteElo "2260"]
[BlackElo "2410"]

1.e4 d6 2.d4 g6 3.Nc3 Bg7 4.Be3 c6 5.a4 Nf6 6.Be2 O-O 7.Qd2 e5 8.Nf3 exd4
9.Nxd4 Re8 10.Bf3 Nbd7 11.O-O Ne5 12.Be2 Neg4 13.Bxg4 Nxg4 14.Bf4 Ne5 15.b3 a5
16.Rad1 Qb6 17.f3 f5 18.Be3 Qb4 19.Rfe1 fxe4 20.Nxe4 Qxd2 21.Bxd2 d5 22.Nd6 Rd8
23.Bf4 Rxd6 24.Bxe5 Bxe5 25.Rxe5 Bd7 26.Rde1 Rf8 27.c3  1/2-1/2

[Event "Plzen opJ"]
[Site "Plzen"]
[Date "1995.??.??"]
[Round "9"]
[White "Blazkova, Petra"]
[Black "Soln, Primoz"]
[Result "0-1"]
[WhiteElo "2200"]
[BlackElo "2280"]

1.e4 g6 2.d4 Bg7 3.Nc3 d6 4.h3 Nd7 5.Nf3 a6 6.a4 e6 7.Bg5 f6 8.Be3 Nh6 9.Bc4 Qe7
10.Qd2 Nf7 11.O-O O-O 12.Rae1 c6 13.a5 Re8 14.Bb3 b5 15.axb6 Nxb6 16.d5 c5
17.dxe6 Bxe6 18.Nd5 Qb7 19.Rb1 a5 20.Rfe1 Nxd5 21.Bxd5 Bxd5 22.Qxd5 Qxd5
23.exd5 f5 24.Ng5 Rxe3 25.Rxe3 Nxg5 26.Re7 Ne4 27.c3 a4 28.f3 Nd2 29.Rbe1 Be5
30.Rb7 f4 31.Ra1 c4 32.Rd1 a3 33.bxa3 Bxc3 34.Rd7 Bd4+ 35.Kh2 c3 36.Rc7 Rxa3
37.Re1 Be5 38.Rxe5 dxe5 39.d6 Ra1 40.g3 Nf1+ 41.Kg2 Ne3+ 42.Kf2 c2 43.d7 Rd1
44.gxf4 exf4 45.Ke2  0-1

[Event "Polanica Zdroj op"]
[Site "Polanica Zdroj"]
[Date "1995.??.??"]
[Round "7"]
[White "Bashkov, Viacheslav"]
[Black "Szymczak, Zbigniew"]
[Result "1/2-1/2"]
[WhiteElo "2425"]
[BlackElo "2345"]

1.e4 g6 2.d4 Bg7 3.Nc3 d6 4.g3 Nf6 5.Bg2 O-O 6.Nge2 e5 7.h3 Nc6 8.Be3 exd4
9.Nxd4 Bd7 10.O-O Re8 11.Re1 Qc8 12.g4 h5 13.f3 a6 14.Nxc6 bxc6 15.Qd2 Rb8
16.b3 d5 17.exd5 cxd5 18.Rad1 c6 19.Na4 hxg4 20.fxg4 Be6 21.Bf4 Nd7 22.Bf1 Ra8
23.c4 d4 24.c5 Bd5 25.Qf2 Qd8 26.Rxe8+ Qxe8 27.Nb6 Nxc5 28.Nxa8 Qxa8 29.Rxd4 Bxd4
30.Qxd4 Ne6 31.Qe3 Nxf4 32.Qxf4 a5 33.Kf2 Qa7+ 34.Qe3 Qb8 35.Qd4  1/2-1/2

[Event "Policka op"]
[Site "Policka"]
[Date "1995.??.??"]
[Round "9"]
[White "Dgebuadze, Alexandre"]
[Black "Ianov, Viktor"]
[Result "1-0"]
[WhiteElo "2425"]
[BlackElo "2360"]

1.e4 g6 2.d4 Bg7 3.Nc3 d6 4.Be3 a6 5.Qd2 b5 6.f3 c6 7.h4 Nf6 8.O-O-O Qa5
9.Kb1 Be6 10.a3 Qc7 11.d5 Bd7 12.g4 h6 13.Bh3 cxd5 14.g5 hxg5 15.hxg5 Nh5
16.Nxd5 Qb7 17.Bg4 a5 18.Bd4 Bxd4 19.Qxd4 Rh7 20.Ne2 Nc6 21.Qg1 e6 22.Rxh5 gxh5
23.Nf6+ Ke7 24.Nxh7 hxg4 25.Qxg4 Ne5 26.Qf4 b4 27.g6 bxa3 28.Qf6+ Ke8 29.gxf7+ Nxf7
30.Rg1  1-0

[Event "POR-ch"]
[Site "POR"]
[Date "1995.??.??"]
[Round "3"]
[White "Silva, Antonio"]
[Black "Reis, Luis Sousa"]
[Result "0-1"]
[WhiteElo "2175"]
[BlackElo "2175"]

1.e4 g6 2.d4 Bg7 3.Nc3 d6 4.Bg5 c5 5.dxc5 Qa5 6.Qd2 Qxc5 7.Bd3 Be6 8.Nge2 Nd7
9.O-O a6 10.Be3 Qc8 11.a4 Ngf6 12.Bh6 O-O 13.Bxg7 Kxg7 14.Nd4 Qc5 15.Nce2 Ne5
16.Ra3 Nc4 17.Bxc4 Bxc4 18.Rh3 Bxe2 19.Nxe2 h5 20.Nc3 Rac8 21.Rd3 b5 22.axb5 axb5
23.Rd4 b4 24.Na4 Qxc2 25.Qxc2 Rxc2 26.Rxb4 Rfc8 27.Nc3 Ng4 28.Rb7 e6 29.h3 Ne5
30.Rd1 Nc4 31.Na4 Ra8 32.Rb4 Ra6 33.b3 Nb2 34.Nxb2 Rxb2 35.Rd3 Ra1+ 36.Kh2 Rxf2
37.Kg3 Raa2 38.Rxd6 Rxg2+ 39.Kf3 h4  0-1

[Event "Pozarevac"]
[Site "Pozarevac"]
[Date "1995.??.??"]
[Round "10"]
[White "Mitrovic, Petar"]
[Black "Ivkov, Borislav"]
[Result "1/2-1/2"]
[WhiteElo "2380"]
[BlackElo "2485"]

1.e4 g6 2.d4 Bg7 3.Nc3 d6 4.Bc4 Nd7 5.Nf3 e6 6.h3 a6 7.a4 b6 8.O-O Ne7 9.Be3 Bb7
10.Re1 Nf6 11.Bd3 O-O 12.Qd2 c5 13.Bh6 cxd4 14.Nxd4 Qc7 15.Bxg7 Kxg7 16.Re3 e5
17.Nf3 Rfe8 18.Rae1 Rad8 19.Nh2 d5 20.Ng4 d4 21.Nxf6 Kxf6 22.Rf3+ Kg7 23.Qg5 Qd6
24.Nb1 f6 25.Qc1 Rc8 26.Nd2 Qb4 27.h4 h5 28.Rg3 Rc6 29.Rf1 Qd6 30.Qd1 Bc8
31.Be2 Rh8 32.Nf3 f5 33.Rg5 fxe4 34.Nxe5 Rc5 35.Nc4 Qd8 36.f3 Rxg5 37.hxg5 e3
38.c3 Nf5 39.Bd3 dxc3 40.Bxf5 Bxf5 41.Nxe3 Qxd1 42.Rxd1 cxb2 43.Nxf5+ gxf5
44.Rb1 Rb8 45.Rxb2 f4 46.Rb4 b5 47.axb5 Rxb5 48.Rxf4 Rxg5  1/2-1/2

[Event "CZE Moravia-ch (Women)"]
[Site "Prerov"]
[Date "1995.??.??"]
[Round "6"]
[White "Muzikantova, Vladimira"]
[Black "Klimsova, R."]
[Result "0-1"]
[WhiteElo "1895"]
[BlackElo "1830"]

1.e4 g6 2.d4 Bg7 3.Nc3 d6 4.Be3 Nf6 5.f3 O-O 6.Qd2 Re8 7.Bc4 e5 8.d5 Nbd7
9.O-O-O Qe7 10.Bh6 Bh8 11.h4 a6 12.g4 b5 13.Bb3 Nc5 14.h5 b4 15.Na4 a5 16.hxg6 hxg6
17.Bg5 Bg7 18.Qh2 Bd7 19.Nxc5 dxc5 20.Bh6 Qf8 21.Bg5 Qe7 22.Nh3 Bb5 23.d6 cxd6
24.Bd5 Rac8 25.Bxf6 Qxf6 26.Qd2 c4 27.Ng5 Rc7 28.Rh7 Rec8 29.Rdh1 Be8 30.Kb1 c3
31.Qh2 cxb2 32.Bb3 a4 33.Rxg7+ Qxg7 34.Ne6 fxe6 35.Bxe6+ Kf8 36.Bxc8 Rxc8
37.Kxb2 Rc3 38.Qd2 Ke7 39.Qd5 Bd7 40.f4 Rc5 41.Qd2 exf4+ 42.Kb1 a3  0-1

[Event "CRO-Cup"]
[Site "Pula"]
[Date "1995.??.??"]
[Round "2"]
[White "Zelic, Zdravko"]
[Black "Feletar, Darko"]
[Result "1/2-1/2"]
[WhiteElo "2385"]
[BlackElo "2320"]

1.e4 g6 2.d4 Bg7 3.Nc3 d6 4.Nf3 Bg4 5.Be2 Nf6 6.O-O O-O 7.Be3 Nc6 8.Qd2 e5
9.dxe5 dxe5 10.Rad1 Qc8 11.Qc1 Rd8 12.Rxd8+ Qxd8 13.Rd1 Qf8 14.h3 Bxf3 15.Bxf3 h5
16.Nb5 Qe7 17.c3 Kh7 18.Na3 Rd8 19.Nc4 Rxd1+ 20.Qxd1 Bh6 21.Bxh6 Kxh6 22.Qd2+ Kg7
23.b4 Qe6 24.Ne3 a5 25.a3 Qb3 26.Qc1 Na7 27.Nf5+ Kg8 28.Qh6 gxf5 29.Qxf6 Qxc3
30.Qg5+ Kf8 31.exf5 e4 32.Bxh5 Qa1+ 33.Kh2 Qe5+ 34.g3 axb4 35.axb4 Nc6 36.b5 Nd4
37.Qd8+ Kg7 38.Qd7 Qf6 39.Bg4 Qe5 40.Bh5 Qf6 41.Qd5 b6 42.Kg2 e3 43.fxe3 Nxf5
44.Qd3 Qg5 45.e4 Nd6 46.Be2 Qe5 47.Kf3 Qh5+ 48.Kg2 Qe5 49.Qd5 Qxe4+ 50.Qxe4 Nxe4
51.Kf3 Nd6 52.Kf4 f6 53.g4 Kh6 54.h4 Kg7 55.Ke3 Nc8 56.Kf4 Nd6 57.Bd3 Kf7
58.Ke3 Nc8 59.Kd4 Ne7 60.Be4 Kg7 61.Ke3 Kf7 62.g5 Kg7 63.Bd3 c6  1/2-1/2

[Event "CRO-Cup"]
[Site "Pula"]
[Date "1995.??.??"]
[Round "3"]
[White "Zelcic, Robert"]
[Black "Feletar, Darko"]
[Result "1-0"]
[WhiteElo "2500"]
[BlackElo "2320"]

1.e4 g6 2.d4 Bg7 3.Nc3 d6 4.Bc4 Nc6 5.Nf3 Nf6 6.Qe2 Bg4 7.Bb5 O-O 8.Bxc6 bxc6
9.h3 Bxf3 10.Qxf3 Nd7 11.Be3 Qb8 12.O-O-O Qb4 13.a3 Qa5 14.h4 Rfb8 15.Nb1 c5
16.b3 cxd4 17.Bxd4 Ne5 18.Qc3 Qb5 19.f4 Bh6 20.g3 Nc6 21.Bh8 e5 22.h5 g5
23.Bf6 Nd4 24.Kb2 Qe2 25.Rhe1 Qf2 26.Rf1 Qe2 27.Qd2 gxf4 28.gxf4 Qxe4 29.Rde1 Qd5
30.Qd3 Kf8 31.fxe5 Rxb3+ 32.cxb3 Rb8 33.b4 a5 34.exd6 Qg2+ 35.Nd2 Bxd2 36.Be7+ Ke8
37.d7+ Kxd7 38.Qxd4+ Kc8 39.Rf2  1-0

[Event "Reykjavik Olafsson"]
[Site "Reykjavik"]
[Date "1995.??.??"]
[Round "4"]
[White "Stefansson, Hannes"]
[Black "Olafsson, Fridrik"]
[Result "1-0"]
[WhiteElo "2520"]
[BlackElo "2465"]

1.e4 d6 2.d4 g6 3.Nc3 Bg7 4.f4 c6 5.Nf3 Bg4 6.Be3 Qb6 7.Qd2 Nf6 8.Be2 O-O
9.h3 Bxf3 10.Bxf3 Qxb2 11.Rb1 Qa3 12.Rxb7 e5 13.O-O Nbd7 14.Rfb1 exd4 15.Bxd4 Nc5
16.R7b4 Rad8 17.Qe3 Rfe8 18.e5 dxe5 19.Bxc5 exf4 20.Ra4 fxe3 21.Rxa3 Rd2
22.Re1 Rxc2 23.Rxe3 Rd8 24.Bxa7 Rc1+ 25.Kf2 h5 26.Ne2 Rc2 27.Rec3 Rxc3 28.Nxc3 Kh7
29.Bxc6 Rd2+ 30.Ne2 Rc2 31.Ra6 h4 32.Bf3 Nd7 33.Ra4 Bf6 34.Bd4  1-0

[Event "Reykjavik Olafsson"]
[Site "Reykjavik"]
[Date "1995.??.??"]
[Round "6"]
[White "Hjartarson, Johann"]
[Black "Olafsson, Fridrik"]
[Result "1/2-1/2"]
[WhiteElo "2570"]
[BlackElo "2465"]

1.e4 g6 2.d4 d6 3.Nc3 Bg7 4.Be3 Nc6 5.d5 Nb8 6.Qd2 c6 7.Nf3 Nf6 8.h3 O-O
9.Be2 b5 10.a3 a6 11.O-O Bb7 12.Rfe1 Nbd7 13.dxc6 Bxc6 14.Bd3 Bb7 15.Bh6 Rc8
16.Rad1 Qb6 17.Bxg7 Kxg7 18.Re3 Ne5 19.Nxe5 dxe5 20.Re2 Rfd8 21.Qe3 Qd4 22.Rde1 Nh5  1/2-1/2

[Event "ISL-ch"]
[Site "Reykjavik"]
[Date "1995.??.??"]
[Round "11"]
[White "Bjarnason, Saevar"]
[Black "Sigurpalsson, Runar"]
[Result "1/2-1/2"]
[WhiteElo "2295"]
[BlackElo "2285"]

1.e4 g6 2.d4 Bg7 3.Nc3 d6 4.f4 Nf6 5.Nf3 O-O 6.e5 Nfd7 7.h4 c5 8.e6 fxe6
9.h5 gxh5 10.Rxh5 Nf6 11.Rh4 cxd4 12.Nxd4 Nc6 13.Be3 Rf7 14.Nf3 Qa5 15.Bd2 Qc5
16.Na4 Qd5 17.Nc3 Qc5 18.f5 Ne5 19.Ng5 exf5 20.Nxf7 Kxf7 21.Qe2 Ng6 22.Rc4 Qb6
23.Be3 Qxb2 24.Rb1 Qa3 25.Bd2 d5 26.Rcb4 a5 27.Rb6 Qc5 28.R6b5 Qd6 29.Qf3 d4
30.Bc4+ Kf8 31.Ne2 Ne5 32.Qb3 a4 33.Qb4 Ne4 34.Bf4 Qxb4+ 35.R1xb4 Nc6 36.Rb1 e6
37.Bd3 e5 38.Bc1 Nf6 39.Ng3 e4 40.Bc4 Ra5 41.Ba3+ Ke8 42.Rxa5 Nxa5 43.Bb5+ Kf7
44.Bxa4 Kg6 45.Ne2 Ng4 46.Be8+ Kg5 47.Be7+ Bf6 48.Bd6 Nc4 49.Bf4+ Kh4 50.Rb3 Nge3
51.Kf2 Kg4 52.Bf7 Ne5 53.Be8 N5c4 54.Bf7  1/2-1/2

[Event "DEN-ch"]
[Site "Ringsted"]
[Date "1995.??.??"]
[Round "5"]
[White "Kristensen, Bjarke"]
[Black "Kristiansen, Jens"]
[Result "0-1"]
[WhiteElo "2455"]
[BlackElo "2415"]

1.e4 g6 2.d4 Bg7 3.Nc3 d6 4.h3 Nc6 5.Be3 e5 6.d5 Nce7 7.Qd2 f5 8.f3 Nf6 9.O-O-O O-O
10.Kb1 Bd7 11.g4 Qb8 12.Bd3 b5 13.Rc1 b4 14.Nd1 c6 15.dxc6 Bxc6 16.Qg2 fxe4
17.fxe4 Qb7 18.Nf2 d5 19.Nf3 Nxe4 20.Nxe4 dxe4 21.Bc4+ Bd5 22.Nd2 Bxc4 23.Nxc4 Nd5
24.Rhe1 Rf3 25.Bd2 Qc6 26.Qe2 e3 27.Nxe3 Nc3+ 28.Bxc3 bxc3 29.Qc4+ Qxc4 30.Nxc4 cxb2
31.Rcd1 Rxh3 32.Re4 Rb8 33.a4 Rf3 34.Nxb2 Rf4 35.Rde1 Rb4 36.c4 Rf2 37.R1e2 Rxe2
38.Rxe2 e4 39.c5 Kf7  0-1

[Event "Ringsted m"]
[Site "Ringsted"]
[Date "1995.??.??"]
[Round "7"]
[White "Boe, Mads"]
[Black "Aagaard, Jacob"]
[Result "1-0"]
[WhiteElo "2315"]
[BlackElo "2245"]

1.e4 d6 2.d4 g6 3.Nc3 Bg7 4.f4 c6 5.Nf3 d5 6.e5 h5 7.Bd3 Nh6 8.O-O Bf5 9.Ne2 e6
10.b3 Bf8 11.Kh1 Bxd3 12.Qxd3 Nf5 13.c4 Be7 14.Bd2 Kf8 15.g3 Kg7 16.Kg2 c5
17.dxc5 dxc4 18.Qxc4 Qxd2 19.Nxd2 Ne3+ 20.Kf3 Nxc4 21.Nxc4 Bxc5 22.Rad1 Nc6
23.Rd7 b5 24.Nd2 Rhd8 25.Rxd8 Rxd8 26.Ne4 Rd3+ 27.Kg2 Bb6 28.Rf3 Rd1 29.Rc3 Nb4
30.h4  1-0

[Event "ROM-chT"]
[Site "ROM"]
[Date "1995.??.??"]
[Round "?"]
[White "Tomescu, Vlad"]
[Black "Pavlov, Mircea"]
[Result "1-0"]
[WhiteElo "2395"]
[BlackElo "2390"]

1.e4 g6 2.d4 Bg7 3.Nc3 d6 4.Nge2 Nf6 5.g3 O-O 6.Bg2 e5 7.h3 c6 8.a4 a5 9.O-O Na6
10.Be3 Nb4 11.Qd2 Re8 12.Rad1 exd4 13.Bxd4 d5 14.exd5 cxd5 15.g4 Ne4 16.Qc1 f5
17.Bxg7 Kxg7 18.Nxe4 fxe4 19.Nc3 h5 20.gxh5 Qh4 21.h6+ Qxh6 22.Qxh6+ Kxh6
23.Nxd5 Nxd5 24.Rxd5 Bf5 25.Re1 Re6 26.b3 b6 27.c4 Rc8 28.Kf1 Rc5 29.Red1 e3
30.Re1 Bc2 31.fxe3 Bxb3 32.Rxc5 bxc5 33.Bd5 Rb6 34.e4 Bxa4 35.Ra1 Rb4 36.Kg2 Kg5
37.e5 Bb3 38.e6 Kf6 39.Rf1+ Kg5 40.e7 Ba4 41.Rf8 Rb2+ 42.Kf3 Bd1+ 43.Kg3  1-0

[Event "RUS Army-ch"]
[Site "RUS"]
[Date "1995.??.??"]
[Round "?"]
[White "Ivanov, Timur"]
[Black "Cherniaev, Alexander"]
[Result "1/2-1/2"]
[WhiteElo "2425"]
[BlackElo "2450"]

1.e4 g6 2.d4 Bg7 3.Nc3 d6 4.Be3 Nd7 5.Qd2 a6 6.h4 h5 7.f3 b5 8.O-O-O Bb7
9.Nh3 Rc8 10.Kb1 Ngf6 11.Nf2 c5 12.dxc5 dxc5 13.e5 Nxe5 14.Qxd8+ Rxd8 15.Rxd8+ Kxd8
16.Bxc5 Ned7 17.Bb4 Nb8 18.Bd3 Nc6 19.Bc5 Nd7 20.Be3 Bd4 21.Bxd4 Nxd4 22.Rd1 Nc6
23.Nce4 Ke8 24.c4 b4 25.Bc2 Nce5 26.Ba4 Bc6 27.Bxc6 Nxc6 28.Nd3 e6 29.Ndc5 Ndb8
30.Rd6 Ke7 31.b3 Rd8 32.Rxd8 Nxd8 33.Kc2 a5 34.Kb2 Nbc6 35.a3 e5 36.axb4 axb4
37.Kc2 Nd4+ 38.Kd3 N8c6 39.Kd2 Na5 40.Na6 Ndxb3+ 41.Kd3 f5 42.Nf2 Nc6 43.Nxb4 Nc5+
44.Kc3 Na4+ 45.Kb3 Nc5+  1/2-1/2

[Event "Sala op"]
[Site "Sala"]
[Date "1995.??.??"]
[Round "2"]
[White "Oral, Tomas"]
[Black "Goergens, Michael"]
[Result "1-0"]
[WhiteElo "2405"]
[BlackElo "2200"]

1.e4 g6 2.d4 Bg7 3.Nc3 d6 4.Bg5 h6 5.Be3 Nf6 6.f3 O-O 7.Qd2 Kh7 8.h4 e5 9.O-O-O Nc6
10.Nge2 Rg8 11.g4 Nd7 12.Nd5 exd4 13.Nxd4 Nde5 14.Be2 Ne7 15.Bg5 Re8 16.Bxh6 Nxd5
17.Bxg7 Kxg7 18.exd5 Rh8 19.h5 g5 20.f4 gxf4 21.Qxf4 Qf6 22.h6+ Rxh6 23.Nf5+ Bxf5
24.g5 Qg6 25.Rxh6 Rh8 26.Rxg6+ fxg6 27.Bd3 Nxd3+ 28.cxd3 Rh3 29.Qd4+ Kg8
30.Re1 Rxd3 31.Qf6  1-0

[Event "Sala op"]
[Site "Sala"]
[Date "1995.??.??"]
[Round "5"]
[White "Belan, Jozef"]
[Black "Ianov, Viktor"]
[Result "0-1"]
[WhiteElo "2215"]
[BlackElo "2360"]

1.e4 d6 2.Nc3 g6 3.d4 Bg7 4.Nf3 a6 5.a4 b6 6.Be2 Bb7 7.Be3 e6 8.O-O Ne7 9.Qd2 h6
10.Rfd1 Nd7 11.Ne1 Nf6 12.f3 d5 13.e5 Nd7 14.b4 c5 15.bxc5 bxc5 16.Rdb1 Qc7
17.f4 cxd4 18.Bxd4 g5 19.g3 Nf5 20.Ra3 Nxd4 21.Qxd4 Bf8  0-1

[Event "San Francisco op"]
[Site "San Francisco"]
[Date "1995.??.??"]
[Round "?"]
[White "Silman, Jeremy D"]
[Black "Balinas, Rosendo Carrean"]
[Result "0-1"]
[WhiteElo "2420"]
[BlackElo "2340"]

1.d4 d6 2.e4 g6 3.Nc3 Bg7 4.Nf3 Nd7 5.Be2 c6 6.a4 a5 7.O-O Qc7 8.Be3 Ngf6
9.h3 e5 10.dxe5 dxe5 11.Bc4 O-O 12.Qd3 h6 13.Rad1 Re8 14.Bxf7+ Kxf7 15.Qc4+ Re6
16.Nb5 Qb8 17.Nd6+ Ke7 18.Bc5 Nxc5 19.Nxe5 Nfxe4 20.Nxg6+ Kf6 21.Nf4 Rxd6
22.Qg8 Bg4 23.Qh7 Bxd1 24.Qg6+ Ke5 25.Qxg7+ Kxf4 26.g3+ Kf5 27.f4 Rg6 28.Qf7+ Nf6  0-1

[Event "Santa Cruz de la Palma op"]
[Site "Santa Cruz"]
[Date "1995.??.??"]
[Round "?"]
[White "Touzane, Olivier"]
[Black "Todorcevic, Miodrag"]
[Result "0-1"]
[WhiteElo "2310"]
[BlackElo "2460"]

1.e4 g6 2.d4 Bg7 3.Nc3 d6 4.f4 Nf6 5.Nf3 O-O 6.Be3 b6 7.e5 Ng4 8.Bg1 Bb7
9.e6 f5 10.d5 c6 11.Bd4 Nf6 12.Bc4 b5 13.dxc6 Nxc6 14.Nxb5 Nxd4 15.Nbxd4 Qb6
16.Bb3 Nh5 17.c3 Nxf4 18.Qd2 Nh5 19.O-O-O a5 20.Qg5 a4 21.Bc2 Bxf3 22.gxf3 Rab8
23.b4 axb3 24.axb3 Qc5 25.Kb2 Rfc8 26.Qd2 Nf6 27.b4 Nd5 28.Bb3 Qxc3+ 29.Qxc3 Nxc3
30.Ka3 Bxd4  0-1

[Event "Sarospatak op"]
[Site "Sarospatak"]
[Date "1995.??.??"]
[Round "?"]
[White "Meszaros, Andras"]
[Black "Petro, Janos"]
[Result "1-0"]
[WhiteElo "2310"]
[BlackElo "2120"]

1.e4 g6 2.d4 Bg7 3.Nc3 d6 4.f4 c6 5.Nf3 Nf6 6.Bd3 O-O 7.h3 a6 8.g4 b5 9.Be3 Qc7
10.f5 Bb7 11.Qd2 c5 12.g5 Nh5 13.Qf2 Nd7 14.a3 cxd4 15.Bxd4 Bxd4 16.Nxd4 Ne5
17.Be2 Ng7 18.Nd5 Bxd5 19.exd5 Qc5 20.f6 exf6 21.gxf6 Ne8 22.O-O-O Nd7 23.h4 Nexf6
24.h5 Qxd5 25.Kb1 Ne4 26.Qh4 g5 27.Qh2 b4 28.axb4 Rab8 29.Nb3 Qe6 30.Rd4 Ndf6
31.h6 Kh8 32.Bd3 d5 33.Qg2 Rg8 34.Rf1 Rb6 35.Qg1 Rc6 36.Re1 Qe5 37.c3  1-0

[Event "SCO-ch"]
[Site "?"]
[Date "1995.??.??"]
[Round "3"]
[White "Shaw, John"]
[Black "McNab, Colin Anderson"]
[Result "1/2-1/2"]
[WhiteElo "2280"]
[BlackElo "2475"]

1.e4 g6 2.d4 d6 3.Nc3 Bg7 4.g3 c6 5.a4 Nf6 6.Bg2 O-O 7.h3 e5 8.Nge2 Re8 9.O-O Na6
10.Be3 Nb4 11.Qd2 a5 12.Rad1 Be6 13.Rfe1 d5 14.Bg5 exd4 15.Nxd4 dxe4 16.Nxe4 Nxe4
17.Rxe4 Qc8 18.Nxe6 Rxe6 19.Rxe6 Qxe6 20.c3 Na6 21.Be3 Bf8 22.Qd7 Qb3 23.Rd2 Rb8
24.Ba7 Nc5 25.Qd4 Ne6 26.Qb6 Qxb6 27.Bxb6 Nc5 28.Bxc5  1/2-1/2

[Event "Scotland WE op"]
[Site "SCO"]
[Date "1995.??.??"]
[Round "3"]
[White "Hebden, Mark"]
[Black "Swanson, Stephen"]
[Result "0-1"]
[WhiteElo "2550"]
[BlackElo "2250"]

1.d4 d6 2.e4 g6 3.Nc3 Bg7 4.Nf3 Nf6 5.Be3 c6 6.Qd2 O-O 7.Bh6 Qa5 8.Bxg7 Kxg7
9.h4 h5 10.O-O-O Na6 11.Ng5 b5 12.Kb1 Rb8 13.f3 e5 14.Ne2 Qxd2 15.Rxd2 Nc7
16.g3 a5 17.Nc1 exd4 18.Rxd4 d5 19.exd5 c5 20.Rd2 Ncxd5 21.Bg2 c4 22.Ne2 b4
23.Nd4 c3 24.Re2 cxb2 25.Kxb2 a4 26.Rhe1 a3+ 27.Ka1 Bd7 28.f4 Rfe8 29.Re5 Rbd8
30.Rb1 Ba4 31.Rbe1 Nxf4 32.gxf4 Rxd4 33.Ne4 Red8 34.Rc1 Bxc2 35.Nc5 Rxf4
36.Re7 Kf8 37.Rb7 Rd2 38.Bf1 Rfd4 39.Nb3 Bxb3 40.axb3 Rd1 41.Rc7 Ne4 42.Be2 Rxc1+
43.Rxc1 Nc3 44.Rc2 Re4  0-1

[Event "Asia-chT"]
[Site "Singapore"]
[Date "1995.??.??"]
[Round "6"]
[White "Wang Zili"]
[Black "Irzhanov, Ruslan"]
[Result "1/2-1/2"]
[WhiteElo "2525"]
[BlackElo "2480"]

1.e4 g6 2.d4 Bg7 3.Nc3 d6 4.Be3 c6 5.Qd2 b5 6.f3 Qa5 7.g4 Nf6 8.Nge2 h5 9.g5 Nh7
10.Bg2 O-O 11.O-O Nd7 12.f4 Bb7 13.a3 Rfe8 14.f5 Nhf8 15.Nf4 e5 16.fxe6 fxe6
17.Rae1 e5 18.Nfe2 exd4 19.Bxd4 Ne5 20.Nf4 Qd8 21.Bxe5 Bxe5 22.Nd3 Bg7 23.Kh1 Ne6
24.Nf4 Nxf4 25.Rxf4 Be5 26.Rff1 Qd7 27.Ne2 Rf8 28.Nf4 Bxf4 29.Rxf4 Rxf4 30.Qxf4 Rf8
31.Qg3 c5 32.Rd1 Qe6 33.Kg1 Bxe4 34.Rxd6 Qe7 35.Bh3 h4 36.Be6+ Qxe6 37.Rxe6 hxg3
38.Rxe4 gxh2+ 39.Kxh2 Rf5 40.Re8+ Kf7 41.Ra8 Rxg5 42.Rxa7+ Ke6 43.Ra5 c4
44.a4 Rh5+ 45.Kg3 bxa4 46.Rxa4 Rb5 47.Rxc4  1/2-1/2

[Event "Skei"]
[Site "Skei"]
[Date "1995.??.??"]
[Round "2"]
[White "Kristensen, Bjarke"]
[Black "Bern, Ivar"]
[Result "1/2-1/2"]
[WhiteElo "2455"]
[BlackElo "2360"]

1.e4 g6 2.d4 Bg7 3.Nc3 d6 4.Bg5 Nd7 5.f4 c5 6.dxc5 Nxc5 7.Qf3 Bd7 8.Bc4 Bxc3+
9.Qxc3 Nf6 10.Bxf6 exf6 11.O-O-O O-O 12.Qd4 Bc6 13.Nf3 Nxe4 14.f5 Qb6 15.Rhf1 Qxd4
16.Nxd4 d5 17.Bd3 Kg7 18.c3 Rfe8 19.Rf3 Rad8 20.Rdf1  1/2-1/2

[Event "SLO-chT"]
[Site "?"]
[Date "1995.??.??"]
[Round "2"]
[White "Praznik, Niko"]
[Black "Jazbinsek, Sebastjan"]
[Result "1-0"]
[WhiteElo "2130"]
[BlackElo "2200"]

1.e4 g6 2.d4 d6 3.Nc3 Bg7 4.Nf3 c6 5.Bc4 Nf6 6.Bb3 O-O 7.Qe2 Bg4 8.h3 Bxf3
9.Qxf3 Nbd7 10.Be3 Qc7 11.O-O b5 12.a3 a6 13.Rad1 Rad8 14.Ne2 e5 15.c3 Kh8
16.Ng3 c5 17.Qe2 Nb6 18.dxe5 dxe5 19.c4 Nfd7 20.Qc2 Qc6 21.Rd2 Qe6 22.cxb5 c4
23.Ba4 axb5 24.Bxb5 Rc8 25.Rfd1 c3 26.Rxd7 cxb2 27.Qxb2 Nxd7 28.Bxd7 Rb8
29.Qxb8 Rxb8 30.Bxe6 fxe6 31.a4 Bf8 32.a5 Bb4 33.a6  1-0

[Event "SLO-chT"]
[Site "?"]
[Date "1995.??.??"]
[Round "6"]
[White "Sermek, Drazen"]
[Black "Mohr, Georg"]
[Result "1/2-1/2"]
[WhiteElo "2490"]
[BlackElo "2495"]

1.e4 g6 2.d4 Bg7 3.Nc3 d6 4.Nge2 Nf6 5.g3 O-O 6.Bg2 e5 7.h3 Nc6 8.Be3 Bd7
9.O-O exd4 10.Nxd4 Re8 11.Re1 a6 12.Nxc6 Bxc6 13.Bd4 Qd7 14.Qd3 Re7 15.a4 a5
16.b3 Rae8 17.Re2 Qc8 18.Rae1 Nd7 19.Bxg7 Kxg7 20.Qd4+ Kg8 21.f4 Nc5 22.e5 Qd7
23.exd6 Rxe2 24.Rxe2 Rxe2 25.Nxe2 cxd6 26.Nc3 Bxg2 27.Kxg2 Qf5 28.Qd2 Ne4  1/2-1/2

[Event "Sollentuna op"]
[Site "Sollentuna"]
[Date "1995.??.??"]
[Round "3"]
[White "Lejlic, Samir"]
[Black "Johansson, Mikael"]
[Result "1/2-1/2"]
[WhiteElo "2425"]
[BlackElo "2265"]

1.e4 g6 2.d4 Bg7 3.Nc3 d6 4.Be3 c6 5.Qd2 b5 6.f3 Qa5 7.g4 Nd7 8.a3 h5 9.gxh5 Rxh5
10.Nge2 b4 11.Nd1 bxa3 12.Rxa3 Qxd2+ 13.Kxd2 Ngf6 14.b3 Bb7 15.Ng3 Rh4 16.Ba6 O-O-O
17.Nf2 Bxa6 18.Rxa6 Kb7 19.Rha1 Ra8 20.h3 Ne8 21.R6a5 Nc7 22.Ne2 Rhh8 23.c3 Bh6
24.Nf4 a6 25.Rh1 e5 26.Ng2 Bf8 27.Nd3 f6 28.dxe5 Nxe5 29.Ke2 Nxd3 30.Kxd3 Be7
31.Raa1 Ne6 32.Rag1 Rh5 33.Nf4 Nxf4+ 34.Bxf4 g5 35.Be3 Rah8 36.Rg3 Rh4 37.Ke2 d5
38.exd5 cxd5 39.Rd1 Kc6 40.Ra1 Ra8 41.Rg4 Rxh3 42.Rga4 Rh2+ 43.Kd3 Rh3 44.Rxa6+ Rxa6
45.Rxa6+ Kd7 46.Ke2 Rh2+  1/2-1/2

[Event "ESP-chTa"]
[Site "Spain"]
[Date "1995.??.??"]
[Round "7"]
[White "Ochoa de Echaguen, F Javier"]
[Black "Roa Alonso, Santiago"]
[Result "1/2-1/2"]
[WhiteElo "2455"]
[BlackElo "2360"]

1.e4 g6 2.d4 Bg7 3.Nc3 d6 4.Be3 Nd7 5.Qd2 c6 6.g4 b5 7.f3 Nb6 8.b3 a5 9.Rd1 e6
10.Nce2 Nf6 11.g5 Nfd7 12.h4 a4 13.h5 Qc7 14.f4 axb3 15.axb3 d5 16.f5 exf5
17.exf5 O-O 18.Bf4 Qd8 19.Ng3 Re8+ 20.N1e2 gxf5 21.Nxf5 Ne5 22.Nh4 Ng4 23.g6 Qf6
24.gxf7+ Qxf7 25.Nf3 Ra7 26.Ne5 Qf5 27.Ng3 Nxe5 28.dxe5 Bxe5 29.Nxf5 Bxf4+
30.Ne3 Rxe3+ 31.Kf2 Bg4 32.Bg2 Rf7 33.Kg1 Re2 34.Qb4 Be3+ 35.Kh2 Bf4+ 36.Kg1 Be3+
37.Kh2 Bf4+ 38.Kg1 Be3+ 39.Kh2  1/2-1/2

[Event "St Petersburg op"]
[Site "St Petersburg"]
[Date "1995.??.??"]
[Round "1"]
[White "Loskutov, Oleg"]
[Black "Tseshkovsky, Vitaly"]
[Result "0-1"]
[WhiteElo "2305"]
[BlackElo "2530"]

1.e4 g6 2.d4 Bg7 3.Nc3 d6 4.f4 Nf6 5.Nf3 O-O 6.Bd3 Na6 7.O-O c5 8.d5 Nc7
9.a4 a6 10.Re1 b6 11.Bc4 Bg4 12.h3 Bxf3 13.Qxf3 Nd7 14.Qd3 Ra7 15.Be3 Kh8
16.Bf2 Qb8 17.Qg3 Rb7 18.Be2 b5 19.Bg4 b4 20.Bxd7 bxc3 21.b3 Nxd5 22.Bc6 Nb4
23.Bxb7 Qxb7 24.Re2 Nc6 25.e5 dxe5 26.Bxc5 Nd4 27.Bxd4 exd4 28.a5 Qb5 29.Qd3 Qxd3
30.cxd3 e6 31.Ra4 Rb8 32.Rc4 h5 33.Rc6 Rxb3 34.Ra2 Bh6 35.Rxa6 Rb1+ 36.Kh2 h4
37.g3 hxg3+ 38.Kxg3 Rd1 39.Rd6 Rxd3+ 40.Kg2 Bxf4 41.Rd8+ Kg7 42.a6 Rg3+ 43.Kf1 c2
44.Rc8 d3 45.a7 d2 46.a8=Q d1=Q+  0-1